000
00197 a2200097 4500
001
52554
100
_a
Grey Anthony
245
_a
Saigon
260
_a
London
_b
Pan Books
_c
090
_c
33041
_d
33041
942
_a
NUST-CAE
_c
M
_c
25605
999
_c
287627
_d
287627